1998 1861 1629 1399 1488 1704 1947 1868 1685 1159 1601 1003 1558 1837 1324 1322 1524 1249 1741 1108 1812 1750 1446 1578 1117 1073 1342 1355 1003 1258 1011 1648 1764 1688 1546 1733 1608 1116 1099 1185 1433 1936 1336 1675 1483 1667 1514 1029 1212 1782 1514 1117 1997 1175 1929 1312 1620 1136 1540 1295 1744 1517 1277 1535 1264 1249 1831 1900 1600 1923 1436 1890 1483 1010 1837 1044 1269 1838 1108 1036 1690 1150 1652 1347 1124 1781 1504 1615 1697 1009 1933 1113 1616 1748 1324 1097 1069 1535 1297 BCNSPRNW ULIB Ver.6.0+V

เปลี่ยนเป็นภาษาไทย

Change to English
 แสดงรายละเอียดบรรณานุกรม
  กลับหน้าหลัก

Brief Record : Get Marc (ISO 2709) : E-mail record : QR code < ปิดหน้าต่าง
LEADER : 00000nam 2200000uu 4500
001    13399112203
003     ULIB
008    110801s2554||||th 000 0 tha d
020    9786167138183
090    นว.^bอ657 2554
100 0  อาริตา
245 00 ลิขิตไฟในผืนทราย./^cอาริตา
260    กรุงเทพฯ:^bลีลา,^c2554.
300    352 หน้า
945    ^p280^l0^i18459
995    เกษร
999 ^a ใช้งานได้ทุกระบบ
รายการนี้ยังไม่มีแท็ก
คุณยังไม่ได้ล็อกอิน คุณสามารถมีกิจกรรมร่วมกับเว็บไซต์ได้ แต่ต้องล็อกอินก่อน ::
  ล็อกอิน

รายการสื่อสารสนเทศ

ลำดับที่ ประเภท เลขเรียก/บาร์โค้ด สถานที่ สถานะ
1. วิทยาศาสตร์การแพทย์ และสุขภาพ
วิทยาศาสตร์การแพทย์ และสุขภาพ
นว. อ657 2554  
  Barcode: 18459
ห้องสมุดวิทยาเขตสวรรค์ประชารักษ์
►นวนิยาย
บนชั้น
  ขอยืม

รายการใกล้เคียง
    ผู้แต่ง [อาริตา]

BibComment


ยังไม่เคยถูกคอมเมนท์

คอมเมนท์ทรัพยากรรายการนี้
  คอมเมนท์: ลิขิตไฟในผืนทราย ..


 Copyright 2026. Bcnsprnw @Library